Changing pattern and quality of employment (Record no. 1715167)

MARC details
000 -LEADER
fixed length control field 00557nam a22001937a 4500
005 - DATE AND TIME OF LATEST TRANSACTION
control field 20260312101342.0
008 - FIXED-LENGTH DATA ELEMENTS--GENERAL INFORMATION
fixed length control field 260312b |||||||| |||| 00| 0 eng d
037 ## - SOURCE OF ACQUISITION
Terms of availability DSWL
040 ## - CATALOGING SOURCE
Original cataloging agency DSWL
Transcribing agency DSWL
041 ## - LANGUAGE CODE
Language code of original eng
084 ## - COLON CLASSIFICATION NUMBER
Classification number X:161:95 Q4
100 ## - MAIN ENTRY--PERSONAL NAME
Personal name Taneja, Deepti
9 (RLIN) 1131739
245 ## - TITLE STATEMENT
Title Changing pattern and quality of employment
260 ## - PUBLICATION, DISTRIBUTION, ETC.
Place of publication, distribution, etc. New Delhi,
Name of publisher, distributor, etc. Regal Publication,
Date of publication, distribution, etc. 2014
300 ## - PHYSICAL DESCRIPTION
Extent 300p
365 ## - TRADE PRICE
Price type code INR
Price amount 1280
942 ## - ADDED ENTRY ELEMENTS (KOHA)
Source of classification or shelving scheme Colon Classification (CC)
Koha item type Textual
Classification part X:161:95 Q4
Suppress in OPAC No
Holdings
Withdrawn status Lost status Source of classification or shelving scheme Damaged status Not for loan Home library Current library Date acquired Source of acquisition Cost, normal purchase price Inventory number Total Checkouts Full call number Barcode Date last seen Price effective from Koha item type
    Colon Classification (CC)     Department of Social Work Library Department of Social Work Library 2016-03-18 Index International 1280.00 Index//170/2015-16/18.03.16   X:161:95 Q4 SW0032070 2026-03-12 2026-03-12 Textual
Copyright @ Delhi University Library System